Tercer Symposium international de Micobiologie alimentaire volumen XI

Bibliographic Details
Main Author: Annual Review
Format: Section = Libro
Language:Undetermined
Spanish
Published: United Stated Annual Reviews. INC 1960
Subjects:
LEADER 00519nam a2200181Ia 4500
008 240830s9999 xx 000 0 und d
040 |a CEDOC FIQ-RUSB / 570 A615 
041 |a spa 
082 |a 570 A615 
100 1 |a Annual Review 
245 1 0 |a Tercer Symposium international de Micobiologie alimentaire volumen XI 
260 |a United Stated  |b Annual Reviews. INC  |c 1960 
300 |a 231 p.: il. 
650 7 |a CIENCIAS BIOLÓGICAS 
650 7 |b  SECCIÓN DE MICROBIOLOGÍA 
942 |c BK  |2 ddc 
991 |a TEXTO 
999 |c 27104